000 01110nam a22003497a 4500
001 BR7200675
003 BR-BrBNA
005 20230928083808.0
007 ta
008 230509b bl.||||| |||| 00| 0 por d
040 _aBR-BrBNA
_bpor
_cBiblioteca Nacional de Agricultura
041 _a(Por)
072 _aE70
_b0430
_b0332
_b0150
_b1410
_b0337
_b0331
_b1540
_b0120
_b0336
_b0170
_b/G514
090 _ 0430 BR7200675
110 1 _aComissao de Financiamento do Parana, Curitiba (Brasil)
_91994
245 1 _aPrecos minimos. Safra 72/73 [algodao, amendoim, arroz, feijao, girassol, mamona, mandioca, milho, soja, sorgo, comercializacao, sacaria, expurgo, Brasil]
260 3 _aCuritiba, PR (Brasil):
_c1972.
300 _a39 p.
500 _a(*) Documento disponível no(a) Biblioteca Publica do Parana, Curitiba (Brazil)
650 _aPRECO MINIMO
650 _aALGODAO
650 _aAMENDOIM
650 _aARROZ
650 _aFEIJAO
650 _aMANDIOCA
650 _aMAMONA
650 _aMILHO
650 _aSOJA
650 _aSORGO
909 _a202309
_bLucia
_c55
_dLucia Elande
942 _cBK
999 _c15274
_d15274